[Event "Challenge"]
[Site "http://www.queenalice.com/game.php?id=758517"]
[Date "2010.4.9"]
[Round "-"]
[White "OpendemO"]
[Black "kingjo"]
[Result "0-1"]
[WhiteElo "2102"]
[BlackElo "2199"]

1. Nf3 d5 2. g3 c5 3. Bg2 Nf6 4. O-O Nc6 5. b3 Bg4 6. Bb2 e6 7. c4 d4 8. d3 Bd6
9. Nbd2 O-O 10. h3 Bh5 11. Ng5 Qc7 12. Nge4 Nxe4 13. Nxe4 Be7 14. f4 Rad8 15. g4
Bg6 16. f5 exf5 17. gxf5 Bh5 18. f6 gxf6 19. Rxf6 Qe5 20. Rf1 f5 21. Nd2 Bxe2
22. Nf3 Qe3+ 0-1

[Event "AUTO-ELITE-537"]
[Site "http://www.queenalice.com/game.php?id=767431"]
[Date "2010.4.28"]
[Round "1"]
[White "wilfried"]
[Black "kingjo"]
[Result "1-0"]
[WhiteElo "2220"]
[BlackElo "2213"]

1. d4 d5 2. c4 e6 3. Nf3 c5 4. cxd5 exd5 5. Nc3 Nc6 6. g3 Nf6 7. Bg2 Be7 8. O-O
O-O 9. dxc5 Bxc5 10. Bg5 Be7 11. Bxf6 Bxf6 12. Nxd5 Bxb2 13. Rb1 Bf6 14. e4 Re8
15. Qa4 Be6 16. Rxb7 Bxd5 17. exd5 Ne5 18. d6 Qxd6 19. Nxe5 Rxe5 20. Rd7 Rd8 21.
Rxd6 Rxd6 22. Qxa7 g6 23. Rb1 Re7 24. Qb8+ 1-0

[Event "AUTO-ELITE-537"]
[Site "http://www.queenalice.com/game.php?id=767432"]
[Date "2010.4.28"]
[Round "1"]
[White "kingjo"]
[Black "wilfried"]
[Result "0-1"]
[WhiteElo "2201"]
[BlackElo "2251"]

1. e4 c5 2. d4 cxd4 3. c3 Nf6 4. e5 Nd5 5. Nf3 Nc6 6. cxd4 d6 7. Bc4 Nb6 8. Bb5
dxe5 9. Nxe5 Bd7 10. Nxd7 Qxd7 11. O-O g6 12. Nc3 Bg7 13. Be3 Rd8 14. Na4 Bxd4
15. Bxd4 Qxd4 16. Qxd4 Rxd4 17. Nxb6 axb6 18. Rac1 Kd7 19. Rc2 Rd5 20. a4 Kd6
21. Bc4 Rd4 22. Bxf7 e6 23. Re1 Nd8 24. Bxg6 hxg6 25. b3 Nc6 26. Rce2 e5 27. Re3
Rf8 28. Rg3 Rf6 29. Rge3 Kc5 0-1

[Event "AUTO-ELITE-537"]
[Site "http://www.queenalice.com/game.php?id=767439"]
[Date "2010.4.28"]
[Round "1"]
[White "kingjo"]
[Black "LoveChess"]
[Result "0-1"]
[WhiteElo "2151"]
[BlackElo "2689"]

1. e4 c6 2. d4 d5 3. Nc3 dxe4 4. Nxe4 Bf5 5. Ng3 Bg6 6. Nf3 Nd7 7. h4 h6 8. h5
Bh7 9. Bd3 Bxd3 10. Qxd3 e6 11. Bd2 Ngf6 12. O-O-O Be7 13. Ne4 Nxe4 14. Qxe4 Nf6
15. Qe2 Qd5 16. c4 Qe4 17. Qxe4 Nxe4 18. Be3 f5 19. Ne5 f4 20. Bxf4 Nxf2 21. Ng6
Nxd1 22. Nxh8 Nf2 23. Rf1 Nd3+ 24. Kc2 Nxf4 25. Rxf4 Bf6 26. Re4 Rd8 27. Kd3 c5
28. d5 Kd7 29. Nf7 exd5 30. cxd5 Rf8 31. Ne5+ Bxe5 32. Rxe5 Rf2 33. Re2 c4+ 34.
Ke3 Rxe2+ 35. Kxe2 Kd6 36. Ke3 Kxd5 37. g4 a5 38. Kf4 b5 39. Kf5 b4 40. Kg6 Ke6
41. Kxg7 c3 42. bxc3 bxc3 43. Kxh6 c2 44. g5 c1=Q 45. Kg6 Qc7 46. Kh6 Kf7 47. a3
Qe7 0-1

[Event "AUTO-ELITE-537"]
[Site "http://www.queenalice.com/game.php?id=767440"]
[Date "2010.4.28"]
[Round "1"]
[White "LoveChess"]
[Black "kingjo"]
[Result "1-0"]
[WhiteElo "2688"]
[BlackElo "2152"]

1. e4 e5 2. Nf3 Nc6 3. Bc4 Bc5 4. c3 Nf6 5. d3 d6 6. Bb3 a6 7. O-O h6 8. h3 O-O
9. Nbd2 Ba7 10. Re1 Ne7 11. Nf1 Ng6 12. Ng3 Re8 13. Qc2 c6 14. d4 Be6 15. Bxe6
fxe6 16. Be3 Rf8 17. Qb3 Qd7 18. dxe5 dxe5 19. Bxa7 Rxa7 20. Rad1 Qe7 21. Nf5
Qf7 22. Qb6 Raa8 23. Nd6 Qe7 24. Nc4 Rad8 25. Ncxe5 Nf4 26. g3 Rxd1 27. Rxd1
N6h5 28. gxf4 Nxf4 29. Kh2 Re8 30. Rd7 Qf6 31. Rf7 1-0

[Event "5,5 a 1,5"]
[Site "http://www.queenalice.com/game.php?id=791148"]
[Date "2010.6.16"]
[Round "-"]
[White "kingjo"]
[Black "tigus"]
[Result "0-1"]
[WhiteElo "2184"]
[BlackElo "1974"]

1. e4 e5 2. Nf3 d6 3. d4 exd4 4. Nxd4 Nf6 5. Nc3 c5 6. Nf3 Nc6 7. Bc4 Be6 8.
Bxe6 fxe6 9. Qd3 Be7 10. O-O O-O 11. Ng5 Qd7 12. f4 h6 13. e5 hxg5 14. exf6 Bxf6
15. fxg5 Nb4 16. Qe2 Bd4+ 17. Kh1 Rxf1+ 18. Qxf1 Nxc2 19. Rb1 Rf8 20. Qe2 Rf2
21. Qd3 Rxg2 22. Bd2 Nb4 23. Qf3 Rf2 24. Qg4 Rxd2 25. Ne4 Rxb2 26. Rf1 Nd5 27.
Qf3 Qe7 28. Qh5 Be3 29. Qg4 Rb4 30. Qg2 Rc4 31. Nf6+ Nxf6 32. gxf6 Qf7 33. Qb2
Bd4 34. Qe2 Rb4 35. fxg7 Qg6 36. Qf3 Bxg7 37. Re1 Rb2 38. Qh3 Qf5 39. Qg3 Rb1
40. Rxb1 Qxb1+ 41. Kg2 Qxa2+ 42. Kh3 Qd5 43. Qh4 Qf3+ 0-1

[Event "AUTO-MASTER-1201"]
[Site "http://www.queenalice.com/game.php?id=823388"]
[Date "2010.8.25"]
[Round "1"]
[White "CCapivara"]
[Black "kingjo"]
[Result "1/2-1/2"]
[WhiteElo "2008"]
[BlackElo "2162"]

1. e4 e5 2. Nf3 Nc6 3. Bc4 Bc5 4. O-O Nf6 5. d3 h6 6. c3 d6 7. Be3 Bb6 8. Nbd2
Be6 9. Bxb6 axb6 10. a3 Bxc4 11. Nxc4 O-O 12. Ne3 Ne7 13. Nh4 g6 14. Qf3 Kg7 15.
g4 Nh7 16. Qg3 Ng5 17. f4 exf4 18. Rxf4 Qd7 19. Raf1 Rae8 20. Nhg2 Nc6 21. h4
Ne6 22. Rf6 Nc5 23. Nd5 Ne7 24. Nxe7 Rxe7 25. h5 g5 26. Ne1 Ne6 27. Ng2 Qb5 28.
R6f2 Nc5 29. Ne3 Rd7 30. c4 Qb3 31. Rd2 b5 32. cxb5 Qxb5 33. Qf3 Ne6 34. Qf6+
Kh7 35. Nf5 Qe5 36. Qxh6+ Kg8 37. d4 Qh8 38. Qxh8+ Kxh8 39. Kh2 Nf4 40. Kg3 Re8
41. Rxf4 gxf4+ 42. Kxf4 c6 43. g5 Kh7 44. Rg2 Rg8 45. Nh4 c5 46. d5 Re8 47. g6+
fxg6 48. hxg6+ Kg7 49. Nf5+ Kf6 50. g7 Rg8 51. Rh2 Rgxg7 52. Nxg7 Rxg7 53. Rh6+
Ke7 54. b4 Rf7+ 55. Ke3 b6 56. e5 dxe5 57. Rxb6 cxb4 58. axb4 Rf4 59. b5 Rb4 60.
Re6+ Kd7 61. b6 Kc8 62. Rxe5 Rxb6 63. Re7 Rb1 64. Kd4 Rd1+ 65. Ke5 Re1+ 66. Kd6
Rd1 67. Rc7+ Kb8 68. Rf7 Kc8 69. Rf8+ Kb7 70. Ke6 Re1+ 71. Kd7 Rh1 72. Rf7 Kb8
73. d6 Re1 74. Kd8 Rh1 75. d7 Rh8+ 76. Ke7 Kc7 77. Rg7 Rd8 78. Ke6 Rh8 79. Rf7
Rh6+ 80. Ke7 Rh8 81. Rg7 Rd8 1/2-1/2

[Event "AUTO-MASTER-1201"]
[Site "http://www.queenalice.com/game.php?id=823389"]
[Date "2010.8.25"]
[Round "1"]
[White "kingjo"]
[Black "CCapivara"]
[Result "0-1"]
[WhiteElo "2166"]
[BlackElo "2097"]

1. e4 c6 2. d4 d6 3. Nc3 Nf6 4. f4 Qa5 5. Bd2 Qb6 6. Bc1 Qa5 7. Qd3 e5 8. fxe5
dxe5 9. Bg5 exd4 10. Bxf6 dxc3 11. Bxc3 Bb4 12. Ne2 O-O 13. g3 Bg4 14. Bg2 Bxe2
15. Kxe2 Bxc3 16. Qxc3 Qxc3 17. bxc3 Nd7 18. Rhd1 Rfd8 19. Rd4 Kf8 20. Rad1 Ke7
21. Bh3 Nc5 22. Rxd8 Rxd8 23. Rxd8 Kxd8 24. Ke3 Ke7 25. Kd4 Ne6+ 26. Ke3 Kd6 27.
Bf1 Ke5 28. h4 f6 29. Bd3 Nc5 30. a3 g6 31. g4 h6 32. Kf3 a5 33. Ke3 g5 34. h5
b6 35. Kf3 Na4 36. c4 Kd4 37. Ke2 Nc5 0-1

[Event "AUTO-MASTER-1201"]
[Site "http://www.queenalice.com/game.php?id=823400"]
[Date "2010.8.25"]
[Round "1"]
[White "jolomol"]
[Black "kingjo"]
[Result "0-1"]
[WhiteElo "1858"]
[BlackElo "2134"]

1. e4 e5 2. Nf3 Nc6 3. Bc4 Bc5 4. c3 Nf6 5. O-O O-O 6. Re1 d6 7. d4 exd4 8. cxd4
Bb6 9. Bg5 Bg4 10. d5 Ne5 11. Be2 Bxf2+ 12. Kxf2 Nxe4+ 13. Kg1 Nxg5 14. Nxe5
Bxe2 15. Rxe2 dxe5 16. Rxe5 Re8 17. Rxe8+ Qxe8 18. Qd2 Rd8 19. Nc3 Qe5 20. Re1
Qf6 21. d6 cxd6 22. Nb5 Qg6 23. Kh1 a6 24. Nd4 h6 25. Qf4 Ne6 26. Nxe6 fxe6 27.
Qc4 Rf8 28. Kg1 d5 29. Qc7 Qf7 30. Qc1 e5 31. h3 e4 32. Qe3 Qf6 33. b3 Rc8 0-1

[Event "AUTO-MASTER-1201"]
[Site "http://www.queenalice.com/game.php?id=823401"]
[Date "2010.8.25"]
[Round "1"]
[White "kingjo"]
[Black "jolomol"]
[Result "1-0"]
[WhiteElo "2147"]
[BlackElo "1837"]

1. e4 e5 2. Nf3 Nf6 3. d4 Nxe4 4. Bd3 d5 5. Nxe5 Nd7 6. Nxd7 Bxd7 7. O-O Be7 8.
Re1 Nd6 9. Bg5 f6 10. Qh5+ Kf8 11. Bd2 Be8 12. Qxd5 Bc6 13. Qe6 Bd7 14. Qe2 g6
15. Bh6+ Ke8 16. Nc3 Bf5 17. Nd5 Kd7 18. Bxf5+ Nxf5 19. Qe6+ Ke8 20. Nxf6# 1-0

[Event "AUTO-MASTER-1201"]
[Site "http://www.queenalice.com/game.php?id=823408"]
[Date "2010.8.25"]
[Round "1"]
[White "kingjo"]
[Black "atbn"]
[Result "1-0"]
[WhiteElo "2156"]
[BlackElo "1957"]

1. e4 e5 2. Nf3 Nc6 3. d4 exd4 4. Nxd4 Nxd4 5. Qxd4 d6 6. Nc3 Qf6 7. Be3 Qxd4 8.
Bxd4 Nf6 9. Bxf6 gxf6 10. Nd5 Kd8 11. Nxf6 Bg7 12. e5 1-0

[Event "AUTO-MASTER-1201"]
[Site "http://www.queenalice.com/game.php?id=823409"]
[Date "2010.8.25"]
[Round "1"]
[White "atbn"]
[Black "kingjo"]
[Result "0-1"]
[WhiteElo "1966"]
[BlackElo "2150"]

1. e4 e5 2. Nf3 Nc6 3. Nc3 Nf6 4. a3 d6 5. Bc4 Bg4 6. h3 Bh5 7. d3 Nd4 8. g4 Bg6
9. Nxd4 exd4 10. Ne2 c5 11. Nf4 Be7 12. h4 h6 0-1

[Event "Desafio #09"]
[Site "http://www.queenalice.com/game.php?id=837943"]
[Date "2010.9.25"]
[Round "-"]
[White "Aylton"]
[Black "kingjo"]
[Result "0-1"]
[WhiteElo "2101"]
[BlackElo "2157"]

1. d4 d5 2. Nf3 e6 3. e3 c5 4. c4 Nf6 5. Nc3 Nc6 6. a3 Be7 7. dxc5 Bxc5 8. b4
Bd6 9. Bb2 Bc7 10. cxd5 exd5 11. Be2 O-O 12. O-O Be6 13. Rc1 a6 14. b5 axb5 15.
Nxb5 Bb6 16. Nfd4 Nxd4 17. Nxd4 Ne4 18. f3 Nd6 19. Kh1 Qg5 20. f4 Qh4 21. g3 Qh3
22. Bf3 Nc4 23. Rxc4 dxc4 24. Bxb7 Rab8 25. Bg2 Qh6 26. Nxe6 Qxe6 27. e4 Rfd8
28. Qc2 Bd4 29. Bxd4 Rxd4 30. e5 Rbd8 31. a4 Rd2 32. Qe4 c3 33. Qb4 c2 34. Qc3
Qf5 35. a5 Rd1 36. a6 Rxf1+ 37. Bxf1 Qe4+ 38. Kg1 Qd4+ 39. Qxd4 Rxd4 0-1

[Event "Desafio #10"]
[Site "http://www.queenalice.com/game.php?id=837944"]
[Date "2010.9.25"]
[Round "-"]
[White "kingjo"]
[Black "Aylton"]
[Result "0-1"]
[WhiteElo "2167"]
[BlackElo "2105"]

1. e4 e6 2. d4 d5 3. exd5 exd5 4. Nc3 Nf6 5. Bd3 Be7 6. Nge2 O-O 7. O-O a6 8.
Be3 c6 9. Ng3 b5 10. a3 Bb7 11. Qd2 Nbd7 12. f3 Rc8 13. Nce2 Bd6 14. c3 Re8 15.
Bg5 h6 16. Nf5 Bf8 17. Bf4 Nb6 18. b3 Nh5 19. Nxh6+ gxh6 20. Bxh6 Qf6 21. Bg5
Qg7 22. g4 Nf6 23. Qf4 Nh7 24. h4 Nxg5 25. hxg5 Be7 26. Ng3 Bxg5 27. Qf5 Re6 28.
Nh5 Qg6 29. f4 Bd8 30. Ra2 Rc7 31. Rg2 Kf8 32. Qxg6 fxg6 33. f5 gxf5 34. Bxf5
Re3 35. Bg6+ Kg8 36. Bf7+ Rxf7 37. Rgf2 Rxf2 0-1

[Event "5,5 a 2,5"]
[Site "http://www.queenalice.com/game.php?id=842594"]
[Date "2010.10.6"]
[Round "-"]
[White "kingjo"]
[Black "tigus"]
[Result "0-1"]
[WhiteElo "2153"]
[BlackElo "2030"]

1. e4 c5 2. d4 cxd4 3. c3 dxc3 4. Nxc3 Nc6 5. Bc4 g6 6. Nf3 Bg7 7. Qe2 e6 8. O-O
Nge7 9. Rd1 O-O 10. Bf4 b6 11. Rd2 Na5 12. Bd3 d5 13. exd5 Bxc3 14. bxc3 exd5
15. Bh6 Re8 16. Re1 Bb7 17. Bg5 Nac6 18. Bf6 Qd6 19. Bg5 Nf5 20. Qxe8+ Rxe8 21.
Rxe8+ Kg7 22. Bxf5 gxf5 23. Nh4 Qd7 24. Rde2 d4 25. cxd4 Nxd4 26. R2e7 Qd5 27.
Rd8 Qxd8 28. Rxf7+ Kxf7 29. Bxd8 Bd5 30. a3 Ne6 31. Bxb6 axb6 32. Nxf5 Nc7 33.
Nd4 Bc4 34. f4 Nb5 35. Nxb5 Bxb5 36. Kf2 Ke6 37. Ke3 h5 38. g3 Kd5 39. Kd2 Ke4
40. Kc3 Bd7 41. Kd2 Kf3 42. Ke1 Kg2 43. Ke2 Kxh2 44. Kf2 Bg4 45. a4 Kh3 0-1

[Event "Desafio #11"]
[Site "http://www.queenalice.com/game.php?id=851366"]
[Date "2010.10.27"]
[Round "-"]
[White "Aylton"]
[Black "kingjo"]
[Result "1/2-1/2"]
[WhiteElo "2121"]
[BlackElo "2148"]

1. d4 d5 2. Nf3 e6 3. e3 c5 4. c4 Nf6 5. Nc3 Nc6 6. a3 Be7 7. dxc5 Bxc5 8. b4
Be7 9. Bb2 O-O 10. cxd5 exd5 11. Be2 Be6 12. O-O Rc8 13. Rc1 Bd6 14. g3 h6 15.
b5 Ne7 16. a4 Ng6 17. h4 Qe7 18. Kg2 Rfd8 19. Nd4 Ba3 20. Qb3 Bxb2 21. Qxb2 Bg4
22. Bxg4 Nxg4 23. Qe2 Nf6 24. f3 Re8 25. Rfe1 Ne5 26. Kf2 Nc4 27. Nxd5 Nxd5 28.
Rxc4 Rxc4 29. Qxc4 Nxe3 30. Qc1 Qf6 31. Nc2 Ng4+ 32. Kg2 Rxe1 33. Qxe1 Ne5 34.
Qe4 Qg6 35. Qxg6 Nxg6 36. f4 Kf8 37. Kf3 Ke7 38. Ke4 Nf8 39. Kd5 Nd7 40. a5 g6
41. Nd4 1/2-1/2

[Event "Desafio #12"]
[Site "http://www.queenalice.com/game.php?id=851367"]
[Date "2010.10.27"]
[Round "-"]
[White "kingjo"]
[Black "Aylton"]
[Result "1-0"]
[WhiteElo "2137"]
[BlackElo "2080"]

1. e4 e6 2. d4 d5 3. exd5 exd5 4. Nc3 Nf6 5. Nf3 Be7 6. Be2 O-O 7. O-O c6 8. Be3
a6 9. h3 h6 10. Qd2 Nbd7 11. Bd3 b5 12. Bxh6 gxh6 13. Qxh6 Bb7 14. Ng5 b4 15.
Ne2 Bd6 16. Bh7+ Kh8 17. Bf5+ Kg8 18. Bxd7 Qxd7 19. Qxf6 Be7 20. Qh6 Bxg5 21.
Qxg5+ Kh7 22. Qh4+ Kg7 23. Nf4 Rh8 24. Qg5+ Kf8 25. Qf6 Rg8 26. Rfe1 Re8 27.
Qh6+ Rg7 28. Nh5 1-0

[Event "5,5 a 3.5 VAI TIMÃO"]
[Site "http://www.queenalice.com/game.php?id=856775"]
[Date "2010.11.9"]
[Round "-"]
[White "tigus"]
[Black "kingjo"]
[Result "1/2-1/2"]
[WhiteElo "2067"]
[BlackElo "2150"]

1. d4 d5 2. c4 c6 3. Nc3 Nf6 4. Bf4 e6 5. e3 Nbd7 6. Nf3 Bb4 7. Be2 Bxc3+ 8.
bxc3 dxc4 9. Bxc4 O-O 10. O-O b5 11. Bd3 Nd5 12. Bd6 Re8 13. c4 bxc4 14. Bxc4
N7b6 15. Bxd5 Qxd6 16. Be4 Ba6 17. Re1 Nd5 18. Qc2 h6 19. Ne5 Rac8 20. Qa4 c5
21. Bxd5 exd5 22. dxc5 Qxe5 23. Qxa6 Rxc5 24. Qxa7 Rec8 25. g3 Rc2 26. Qb7 Qf5
27. Rf1 Re2 28. a4 g5 29. Rae1 1/2-1/2

[Event "6 a 4"]
[Site "http://www.queenalice.com/game.php?id=868585"]
[Date "2010.12.6"]
[Round "-"]
[White "kingjo"]
[Black "tigus"]
[Result "1/2-1/2"]
[WhiteElo "2147"]
[BlackElo "2047"]

1. e4 e5 2. Nf3 Nc6 3. d4 exd4 4. Nxd4 Nxd4 5. Qxd4 b6 6. Bc4 Bb7 7. Nc3 Qf6 8.
Be3 Bb4 9. Bxf7+ Qxf7 10. Qxb4 c5 11. Qa4 Bc6 12. Qa6 Nf6 13. f3 O-O 14. O-O-O
Rfb8 15. Rd2 Bb7 16. Qd3 Bc6 17. Rhd1 Rd8 18. Bg5 h6 19. e5 hxg5 20. exf6 gxf6
21. Qf5 Kg7 22. Ne4 d5 23. Ng3 Rd6 24. h4 Bd7 25. Qd3 gxh4 26. Ne4 Re6 27. Qxd5
Bc6 28. Qf5 Bxe4 29. fxe4 Rae8 30. Qg4+ Qg6 31. Qxh4 Rxe4 32. Rd7+ R8e7 33. Qh3
Qh6+ 34. Qxh6+ Kxh6 35. R7d3 Kg5 36. Rd8 Re1 37. Rxe1 Rxe1+ 38. Kd2 Re7 39. b3
Kf4 40. Rg8 f5 41. a4 Ke4 42. Rg3 f4 43. Rf3 Rd7+ 44. Kc3 Rg7 45. Rf2 Ke3 46.
Rf3+ Ke4 47. Rf2 Rg3+ 48. Kd2 Rg4 49. Re2+ Kd4 50. c3+ Kd5 51. Ke1 Rg3 52. Kd2
a6 53. Kc2 b5 54. axb5 axb5 1/2-1/2

[Event "WCC  2011 - QA"]
[Site "http://www.queenalice.com/game.php?id=887768"]
[Date "2011.1.18"]
[Round "1"]
[White "kingjo"]
[Black "PawnPusherPete"]
[Result "0-1"]
[WhiteElo "2144"]
[BlackElo "2223"]

1. e4 c5 2. d4 cxd4 3. c3 Nf6 4. e5 Nd5 5. Nf3 Nc6 6. Bc4 Nb6 7. Bb3 d5 8. exd6
Qxd6 9. O-O Be6 10. Bxe6 Qxe6 11. Nxd4 Nxd4 12. Qxd4 Rd8 13. Qh4 Qe2 14. Nd2 h5
15. a4 e6 16. a5 Be7 17. Qg3 Nd5 18. Qxg7 Bf6 19. Qg3 Be5 20. Qf3 Nf4 21. Ra4
Rd3 22. Qe4 Rxd2 23. Bxd2 Nh3+ 24. gxh3 Rg8+ 25. Qg2 Rxg2+ 26. Kxg2 Qxd2 27. Rb4
Qg5+ 28. Kh1 Bd6 29. Rd4 Qe5 30. f4 Qe2 0-1

[Event "WCC  2011 - QA"]
[Site "http://www.queenalice.com/game.php?id=908647"]
[Date "2011.3.5"]
[Round "2"]
[White "Iancopoulus"]
[Black "kingjo"]
[Result "1-0"]
[WhiteElo "2401"]
[BlackElo "2138"]

1. Nc3 e5 2. Nf3 Nc6 3. d4 exd4 4. Nxd4 Nxd4 5. Qxd4 Nf6 6. Bg5 Be7 7. e4 d6 8.
Be2 Be6 9. O-O-O O-O 10. f4 Bg4 11. Bxg4 Nxg4 12. Bxe7 Qxe7 13. Nd5 Qh4 14. Nxc7
Rac8 15. g3 Qh3 16. Nb5 Qg2 17. Qd2 Qxd2+ 18. Rxd2 a6 19. Nxd6 Rc7 20. e5 Ne3
21. b3 b5 22. Re1 Ng4 23. h3 Nh6 24. Kb2 Rb8 25. g4 Kf8 26. Red1 a5 27. Rd5 1-0

[Event "6,5 a 4,5"]
[Site "http://www.queenalice.com/game.php?id=911372"]
[Date "2011.3.11"]
[Round "-"]
[White "kingjo"]
[Black "tigus"]
[Result "1-0"]
[WhiteElo "2134"]
[BlackElo "2038"]

1. e4 c5 2. d4 cxd4 3. c3 dxc3 4. Nxc3 Nc6 5. Bc4 Nf6 6. Nf3 d6 7. Qe2 g6 8. O-O
Bg7 9. Rd1 Qc7 10. Bf4 Bg4 11. h3 Nd4 12. Rxd4 Bxf3 13. Qxf3 e5 14. Bb5+ Nd7 15.
Rc4 Qd8 16. Be3 O-O 17. Bxd7 Qxd7 18. Nd5 b5 19. Nf6+ Bxf6 20. Qxf6 Qd8 21. Qxd8
Rfxd8 22. Rc7 1-0

[Event "WCC  2011 - QA"]
[Site "http://www.queenalice.com/game.php?id=928676"]
[Date "2011.4.21"]
[Round "3"]
[White "kingjo"]
[Black "Aylton"]
[Result "1-0"]
[WhiteElo "2143"]
[BlackElo "1997"]

1. e4 c5 2. d4 cxd4 3. c3 dxc3 4. Nxc3 Nc6 5. Bc4 e6 6. Nf3 a6 7. Qe2 b5 8. Bb3
Bb7 9. O-O d6 10. Rd1 Qc7 11. Bf4 O-O-O 12. Rac1 h6 13. Nd5 Qb8 14. Nd4 Ne7 15.
Nxe7+ Bxe7 16. Nxc6 Bxc6 17. Rxc6+ Kb7 18. Rdc1 Rd7 19. a4 1-0

[Event "WCC  2011 - QA"]
[Site "http://www.queenalice.com/game.php?id=938341"]
[Date "2011.5.15"]
[Round "4"]
[White "smothered_mate"]
[Black "kingjo"]
[Result "1-0"]
[WhiteElo "2239"]
[BlackElo "2151"]

1. d4 d5 2. c4 e6 3. Nc3 Nf6 4. Bg5 Be7 5. e3 O-O 6. Nf3 Nbd7 7. Rc1 c6 8. Bd3
dxc4 9. Bxc4 Nd5 10. Bxe7 Qxe7 11. O-O Nxc3 12. bxc3 e5 13. a4 exd4 14. cxd4 Nf6
15. Qc2 h6 16. a5 b5 17. Ba2 Bb7 18. Ne5 Rac8 19. Ng6 Qd7 20. Qc5 Rfe8 21. Ne5
Rxe5 22. dxe5 Ne4 23. Qxa7 Ra8 24. Qb6 Ra6 25. Rfd1 Qf5 26. Qxb7 Qxf2+ 27. Kh1
Rxa5 28. Rd8+ Kh7 29. Bxf7 Qxe3 30. Rh8+ 1-0

[Event "Challenge"]
[Site "http://www.queenalice.com/game.php?id=1076119"]
[Date "2012.6.25"]
[Round "-"]
[White "tigus"]
[Black "kingjo"]
[Result "0-1"]
[WhiteElo "2005"]
[BlackElo "2142"]

1. d4 d5 2. Nf3 e6 3. c4 Nf6 4. Nc3 c5 5. e3 Nc6 6. Be2 a6 7. O-O Be7 8. a3 O-O
9. cxd5 Nxd5 10. Nxd5 Qxd5 11. dxc5 Qxc5 12. b4 Qc3 13. Bd2 Qf6 14. Qc2 Bd7 15.
Bc3 Qh6 16. Rfd1 Rad8 17. Qb2 Bc8 18. h3 Qg6 19. Bd3 Rxd3 20. Kh1 f6 0-1